000 00278nam a2200121 a 4500
008 110105s1973|||| d
100 1 _aLenin, V.I.
245 1 0 _aVybrané spisy 1. diel
260 _bPravda
_aBratislava
_c1973
020 _c25
041 _aslo
044 _axo
_cSK
999 _c15507
_d15507